000 00972nam a22003617a 4500
001 BR8301129
003 BR-BrBNA
005 20230928091612.0
007 ta
008 230509b bl.||||| |||| 00| 0 por d
040 _aBR-BrBNA
_bpor
_cBiblioteca Nacional de Agricultura
041 _a(Por)
072 _aM10; M40
_b8520
090 _ 8520 BR8301129
100 1 _aPagliarelli, E.
110 1 _aInstituto de Pesquisa e Tecnologia de Pesca do Rio de Janeiro, RJ (Brasil)
_96120
245 1 _aO ABC da ranicultura [criacao]
260 3 _aRio de Janeiro, RJ (Brasil):
_c[nd].
300 _a32 p.
500 _aPublished 1982?
650 _aRA
650 _aRANICULTURA
650 _aRANARIO
650 _aBIOLOGIA
650 _aNUTRICAO ANIMAL
650 _aREPRODUCAO ANIMAL
650 _aCARNE
650 _aVALOR NUTRITIVO
650 _aCOMPOSICAO QUIMICA
650 _aCOMERCIALIZACAO
909 _a202309
_bLucia
_c55
_dLucia Elande
942 _cBK
999 _c34605
_d34605